| 000 | 00617cam a2200205 4500500 | ||
|---|---|---|---|
| 005 | 20260329005458.0 | ||
| 041 | _afre | ||
| 042 | _adc | ||
| 100 | 1 | 0 |
_aLarmagnac-Matheron, Octave _eauthor |
| 245 | 0 | 0 | _aQuand le scooter des airs prend son envol |
| 260 | _c2023. | ||
| 500 | _a55 | ||
| 690 | _aAir | ||
| 690 | _aFranky Zapata | ||
| 690 | _ainnovation | ||
| 690 | _aInvention | ||
| 690 | _aTransport aƩrien | ||
| 786 | 0 | _nPhilosophie magazine | 174 | 11 | 2023-11-01 | p. 4-4 | 1951-1787 | |
| 856 | 4 | 1 | _uhttps://shs.cairn.info/magazine-philosophie-magazine-2023-11-page-4?lang=fr&redirect-ssocas=7080 |
| 999 |
_c1843757 _d1843757 |
||